00525nam a2200157Ia 4500082001800000100002500018245009300043260003700136300001000173504003300183650003200216650003000248650002600278650002700304650003600331 a320.954 MIT-; aMitra, Subrata Kumar 0aGovernmental instability in Indian states: West Bengal, Bihar, Uttar Pradesh and Punjab  aDelhibAjanta Publicationsc1978 a150p. aIncludes index, bibliography aPolitical stability - India aState governments - India aPolitical instability aCabinet system - India aIndia - Politics and government